| 000 | 01260nam0a22002891 4500 | ||
|---|---|---|---|
| 001 | rc\1042384 | ||
| 005 | 20250622090644.0 | ||
| 035 | _a(NLR Aleph) 006204811 | ||
| 090 |
_a6305629 _c6305629 |
||
| 100 | _a20041129d1981 |||y0rusy50 ca | ||
| 101 | 0 | _arus | |
| 102 | _aRU | ||
| 105 | _aa ||||||||| | ||
| 200 | 1 |
_aПринятие решений при многих критериях: предпочтения и замещения _fПер. с англ. В.В. Подиновского и др. _gПод ред. И.Ф. Шахнова _gПослесл. Г.С. Поспелова |
|
| 210 |
_aМ. _cРадио и связь _d1981 |
||
| 215 |
_a560 с. _cил. _d22 |
||
| 300 | _aПеревод изд.: Decisions with multiple objectives: preferences and value tradeoffs / Ralph L. Keeney, Howard Raiffa (New York etc.) | ||
| 320 | _aБиблиогр.: с. 546-555 | ||
| 320 | _aУказ. имен., предм.: с. 556-558 | ||
| 700 | 1 |
_7ca _8rus _aКини _bР. Л. _f1944- _gРальф Л. _9192577 _3RU\NLR\AUTH\770192628 |
|
| 701 | 1 |
_7ca _8rus _aРайффа _bГ. _f1924-2016 _gГовард _9192593 _3RU\NLR\AUTH\770192644 |
|
| 801 | 0 |
_aRU _bNLR _gpsbo |
|
| 801 | 1 |
_aRU _bELAR _2rusmarc |
|
| 852 |
_aNLR _j82-5/1646 |
||
| 942 | _cBOOK | ||
| 980 | _aNB | ||